Sbírka příkladů z matematiky k přijímacím zkouškám na VŠ

Na minha lista:
Detalhes bibliográficos
Autor principal: Eliášová, Lada
Outros Autores: Kaňka, Miloš
Formato: Livro
Idioma:tcheco
Publicado em: Praha Ekopress 2009
Edição:4. uprav. vyd.
Assuntos:
Tags: Adicionar Tag
Sem tags, seja o primeiro a adicionar uma tag!

MARC

LEADER 00000nam$a2200000$$$4500
001 0113239
005 20240315114707.4
020 |a 978-80-86929-48-4 
041 0 |a cze 
044 |a CZ 
245 1 0 |a Sbírka příkladů z matematiky k přijímacím zkouškám na VŠ  |c Lada Eliášová, Miloš Kaňka 
250 |a 4. uprav. vyd. 
264 1 |a Praha  |b Ekopress  |c 2009 
300 |a 114 s. 
610 2 0 |a matematika 
610 2 0 |a funkcie matematické 
610 2 0 |a kombinatorika 
100 1 |a Eliášová, Lada 
700 1 |a Kaňka, Miloš